[Event "Montreal Mercredi 10"]
[Site "Montreal"]
[Date "2018.10.31"]
[Round "4"]
[White "Dumouchel, Alain"]
[Black "O'Neill, Brendon"]
[Result "1-0"]
[WhiteElo "1816"]
[BlackElo "1770"]
[PlyCount "46"]
[EventDate "2018.10.10"]
[EventType "swiss"]
[EventRounds "5"]
[EventCountry "CAN"]
[SourceTitle "EXT 2022"]
[Source "ChessBase"]
[SourceDate "2021.10.06"]
[SourceVersion "1"]
[SourceVersionDate "2021.10.06"]
[SourceQuality "1"]

1. d4 f5 2. Bf4 Nf6 3. Nf3 e6 4. e3 Be7 5. Nbd2 0-0 6. Bd3 d6 7. Qe2 Nbd7 8. Bg3 Qe8 9. 0-0 Nh5 10. Rfe1 g5 11. a4 Nxg3 12. hxg3 e5 13. c3 e4 14. Bc4+ Kh8 15. Nh2 Nf6 16. a5 d5 17. Bb3 a6 18. c4 c6 19. Nb1 Bb4 20. Nc3 Qe7 21. cxd5 cxd5 22. Rac1 Bxa5 23. Nxd5 Nxd5 1-0

[Event "Montreal Mercredi 01"]
[Site "Montreal"]
[Date "2018.01.17"]
[Round "2"]
[White "Chang, Alexander Rz"]
[Black "Dumouchel, Alain"]
[Result "1-0"]
[WhiteElo "1910"]
[BlackElo "1918"]
[PlyCount "67"]
[EventDate "2018.01.10"]
[EventType "swiss"]
[EventRounds "5"]
[EventCountry "CAN"]
[SourceTitle "EXT 2022"]
[Source "ChessBase"]
[SourceDate "2021.10.06"]
[SourceVersion "1"]
[SourceVersionDate "2021.10.06"]
[SourceQuality "1"]

1. e4 e5 2. Nf3 Nc6 3. Bc4 Bc5 4. 0-0 Nf6 5. d3 a6 6. Be3 Bxe3 7. fxe3 b5 8. Bb3 0-0 9. Nbd2 d5 10. exd5 Nxd5 11. Qe2 Bg4 12. Ne4 Na5 13. Bxd5 Qxd5 14. h3 Bd7 15. b4 Nb7 16. Nfd2 f5 17. c4 Qe6 18. Nc3 c5 19. a3 Bc6 20. e4 Rad8 21. Nb3 f4 22. Nd5 Bxd5 23. cxd5 Qe7 24. bxc5 Nxc5 25. Na5 Rf6 26. Nc6 Rxc6 27. dxc6 Rxd3 28. Rfd1 Rd4 29. Rxd4 exd4 30. Qa2+ Kf8 31. Qd5 Ne6 32. a4 b4 33. Rc1 a5 34. Qxa5 1-0

[Event "Montreal Mercredi 04"]
[Site "Montreal"]
[Date "2017.02.01"]
[Round "5"]
[White "Dumouchel, Alain"]
[Black "Zumsteg, Nicolas"]
[Result "0-1"]
[WhiteElo "1803"]
[BlackElo "1870"]
[PlyCount "90"]
[EventDate "2017.01.04"]
[EventType "swiss"]
[EventRounds "5"]
[EventCountry "CAN"]
[SourceTitle "EXT 2022"]
[Source "ChessBase"]
[SourceDate "2021.10.06"]
[SourceVersion "1"]
[SourceVersionDate "2021.10.06"]
[SourceQuality "1"]

1. e4 e6 2. d4 d5 3. Nc3 Nf6 4. Bg5 Be7 5. e5 Nfd7 6. h4 0-0 7. Qg4 f5 8. Qf4 c5 9. Nf3 Nc6 10. dxc5 Nxc5 11. 0-0-0 a6 12. Rh3 Ne4 13. Bxe7 Qxe7 14. Nd4 Nxd4 15. Rxd4 Qc5 16. Nxe4 fxe4 17. Qd2 Bd7 18. Rc3 Qa5 19. f3 Bb5 20. Be2 Bxe2 21. Qxe2 exf3 22. gxf3 Rf5 23. a4 Raf8 24. Rb3 Qc7 25. Re3 Qf7 26. Rb4 Qe7 27. Reb3 Rxf3 28. Rxb7 Rf1+ 29. Kd2 Qxh4 30. Rb8 R1f2 31. Rxf8+ Kxf8 32. Rf3+ Rxf3 33. Qxf3+ Ke8 34. Qd3 Qg5+ 35. Kd1 Qxe5 36. Qxa6 h5 37. a5 h4 38. Qb5+ Kf7 39. a6 h3 40. Qf1+ Qf5 41. Ke1 h2 42. Qg2 Qe4+ 43. Kf2 h1Q 44. Qxh1 Qxh1 45. a7 Qa1 0-1

[Event "Montreal Mercredi 04"]
[Site "Montreal"]
[Date "2017.01.11"]
[Round "2"]
[White "Gates, Claude Eric"]
[Black "Dumouchel, Alain"]
[Result "0-1"]
[WhiteElo "1793"]
[BlackElo "1803"]
[PlyCount "112"]
[EventDate "2017.01.04"]
[EventType "swiss"]
[EventRounds "5"]
[EventCountry "CAN"]
[SourceTitle "EXT 2022"]
[Source "ChessBase"]
[SourceDate "2021.10.06"]
[SourceVersion "1"]
[SourceVersionDate "2021.10.06"]
[SourceQuality "1"]

1. e4 d6 2. d4 Nf6 3. Nc3 Nbd7 4. Nf3 e5 5. Bc4 Be7 6. h3 0-0 7. Be3 c6 8. Qd2 Nxe4 9. Bxf7+ Rxf7 10. Nxe4 exd4 11. Qxd4 d5 12. Neg5 Rf6 13. 0-0-0 h6 14. h4 Bc5 15. Qd3 Bxe3+ 16. fxe3 Nf8 17. Nh3 Bf5 18. Qb3 Qe7 19. Nf2 Kh8 20. Rhf1 Re8 21. Rde1 Bh7 22. Ng4 Rf5 23. Qc3 Kg8 24. Qb3 Qf7 25. Nge5 Qe6 26. Nd3 Rf7 27. Nd4 Qe7 28. Nf3 Be4 29. Nde5 Rf5 30. a3 Qc5 31. Nd3 Qb6 32. Qc3 a5 33. a4 Bxf3 34. Nc5 Bg4 35. Rxf5 Bxf5 36. Rf1 Be4 37. g4 Qb4 38. Qxb4 axb4 39. Kd2 b6 40. Nd3 Bxd3 41. cxd3 Ng6 42. h5 Ne5 43. Rf4 c5 44. e4 dxe4 45. Rxe4 Nf3+ 46. Ke3 Rxe4+ 47. Kxe4 Nd4 48. Kd5 Kf7 49. a5 bxa5 50. Kxc5 Nb3+ 51. Kc4 Nc1 52. d4 Ke6 53. Kb5 Nd3 54. Kxa5 Kd5 55. b3 Kxd4 56. Kb5 Kc3 0-1

[Event "Montreal Mercredi 10"]
[Site "Montreal"]
[Date "2016.11.02"]
[Round "4"]
[White "Robidoux, Julien"]
[Black "Dumouchel, Alain"]
[Result "1-0"]
[WhiteElo "1780"]
[BlackElo "1784"]
[PlyCount "167"]
[EventDate "2016.10.12"]
[EventType "swiss"]
[EventRounds "5"]
[EventCountry "CAN"]
[SourceTitle "EXT 2022"]
[Source "ChessBase"]
[SourceDate "2021.10.06"]
[SourceVersion "1"]
[SourceVersionDate "2021.10.06"]
[SourceQuality "1"]

1. b3 Nf6 2. Bb2 d5 3. e3 g6 4. Bxf6 exf6 5. c4 Bg7 6. Nc3 d4 7. exd4 0-0 8. Nf3 Nc6 9. d5 Nb4 10. Be2 c6 11. a3 Na6 12. dxc6 bxc6 13. 0-0 f5 14. Re1 Rb8 15. b4 c5 16. b5 Nc7 17. Qc2 Bb7 18. Rad1 Ne6 19. Rc1 Qd6 20. Nd5 Rfc8 21. Qb3 Bxd5 22. cxd5 Nf4 23. Bc4 Rd8 24. Re3 a6 25. a4 axb5 26. axb5 Bd4 27. Nxd4 cxd4 28. Ree1 Kg7 29. Ra1 Nxd5 30. Ra7 Re8 31. Rea1 Nc7 32. Bxf7 Re7 33. Bc4 Qe5 34. b6 d3 35. Bxd3 Rb7 36. Qb1 Nd5 37. Rxb7 Rxb7 38. Ra7 Qb8 39. Qa1+ Kh6 40. Qd4 Nxb6 41. Rxb7 Qxb7 42. g3 Nd5 43. Be2 Ne7 44. Qe3+ Kg7 45. Bf3 Qc7 46. h4 Qd6 47. h5 Kf6 48. Qc3+ Qe5 49. hxg6 hxg6 50. Qb4 g5 51. d4 Qc7 52. Qd2 g4 53. Bg2 Nc6 54. d5 Qd6 55. Qc3+ Ne5 56. f4 gxf3 57. Bxf3 Kg6 58. Bg2 Qb6+ 59. Kf1 Qb5+ 60. Ke1 Qb1+ 61. Kd2 Qa2+ 62. Kc1 Ng4 63. Qc6+ Kg5 64. d6 Ne3 65. Bf3 Qf2 66. d7 Qe1+ 67. Kb2 Qd2+ 68. Ka3 Qd3+ 69. Kb4 Qd4+ 70. Ka5 Nc4+ 71. Qxc4 Qxc4 72. d8Q+ Kg6 73. Qe8+ Kf6 74. Qh8+ Kg6 75. Qh5+ Kf6 76. Qh4+ Qxh4 77. gxh4 Ke5 78. Kb5 Kf4 79. h5 Kg5 80. Kc5 Kh6 81. Kd5 Kg5 82. Ke6 Kf4 83. Kf7 Kg5 84. Kg7 1-0

[Event "Montreal Mercredi 03"]
[Site "Montreal"]
[Date "2016.04.27"]
[Round "5"]
[White "Dumouchel, Alain"]
[Black "Gates, Claude Eric"]
[Result "0-1"]
[WhiteElo "1707"]
[BlackElo "1794"]
[PlyCount "92"]
[EventDate "2016.03.30"]
[EventType "swiss"]
[EventRounds "5"]
[EventCountry "CAN"]
[SourceTitle "EXT 2022"]
[Source "ChessBase"]
[SourceDate "2021.10.06"]
[SourceVersion "1"]
[SourceVersionDate "2021.10.06"]
[SourceQuality "1"]

1. e4 c5 2. Nf3 g6 3. d4 cxd4 4. Nxd4 Nc6 5. Nc3 Bg7 6. Be3 Nf6 7. Bc4 0-0 8. h3 Nxe4 9. Nxc6 bxc6 10. Nxe4 d5 11. 0-0 dxc4 12. Qc1 Rb8 13. Rd1 Qc7 14. Bd4 Be6 15. Bxg7 Kxg7 16. Qe3 Rbd8 17. Nc5 Bd5 18. b4 e6 19. Rd4 Qe7 20. f4 Qf6 21. c3 Rfe8 22. Re1 h5 23. Qg3 a5 24. bxa5 Ra8 25. f5 exf5 26. Rxe8 Rxe8 27. a6 Qe7 28. Nb7 Ra8 29. Nd6 Qe6 30. Nb7 Kf8 31. a7 Qc8 32. Nd6 Qc7 33. Qe5 Kg8 34. Nxc4 Qxe5 35. Nxe5 Rxa7 36. c4 Be6 37. Nxc6 Rxa2 38. Nd8 Kg7 39. c5 Re2 40. c6 Kf6 41. Rd1 Ke7 42. Kh2 f4 43. Kg1 Bf5 44. Rd4 f3 45. gxf3 Bxh3 46. f4 Bf5 0-1

[Event "Quebec-ch Senior"]
[Site "Montreal"]
[Date "2016.04.23"]
[Round "2.3"]
[White "Nunez, Omar"]
[Black "Dumouchel, Alain"]
[Result "1-0"]
[WhiteElo "1965"]
[BlackElo "1691"]
[PlyCount "81"]
[EventDate "2016.04.22"]
[EventType "swiss"]
[EventRounds "5"]
[EventCountry "CAN"]
[SourceTitle "EXT 2022"]
[Source "ChessBase"]
[SourceDate "2021.10.06"]
[SourceVersion "1"]
[SourceVersionDate "2021.10.06"]
[SourceQuality "1"]

1. Nf3 Nf6 2. g3 g6 3. Bg2 Bg7 4. 0-0 0-0 5. c4 d6 6. d4 Nc6 7. Nc3 a6 8. a3 e5 9. d5 Na5 10. Nd2 Bh6 11. e3 Bg4 12. Qe1 b5 13. cxb5 axb5 14. b4 Nc4 15. Nxb5 Qd7 16. Nc3 Nb6 17. f3 Bh3 18. Nde4 Ne8 19. Bxh3 Qxh3 20. Nf2 Qd7 21. e4 Bxc1 22. Qxc1 f6 23. Kg2 Ng7 24. Ncd1 f5 25. Nb2 Qf7 26. Qc3 Na4 27. Nxa4 Rxa4 28. Nd3 Ne8 29. Qc6 Ra7 30. b5 Nf6 31. b6 cxb6 32. Qxd6 Rd7 33. Qxb6 Qe7 34. Qb4 fxe4 35. fxe4 Qxb4 36. Nxb4 Nxe4 37. Rxf8+ Kxf8 38. Re1 Nd6 39. Nc6 Nc4 40. Nxe5 Re7 41. Rf1+ 1-0

[Event "Montreal Mercredi 02"]
[Site "Montreal"]
[Date "2016.02.24"]
[Round "2"]
[White "Gates, Claude Eric"]
[Black "Dumouchel, Alain"]
[Result "1-0"]
[WhiteElo "1772"]
[BlackElo "1769"]
[PlyCount "95"]
[EventDate "2016.02.17"]
[EventType "swiss"]
[EventRounds "5"]
[EventCountry "CAN"]
[SourceTitle "EXT 2022"]
[Source "ChessBase"]
[SourceDate "2021.10.06"]
[SourceVersion "1"]
[SourceVersionDate "2021.10.06"]
[SourceQuality "1"]

1. e4 e5 2. Nf3 Nc6 3. Bb5 a6 4. Ba4 Nf6 5. 0-0 b5 6. Bb3 Be7 7. Re1 0-0 8. c3 d6 9. h3 Na5 10. Bc2 c5 11. d4 Qc7 12. Nbd2 Be6 13. Nf1 Rfc8 14. d5 Bd7 15. b3 Ne8 16. Ng3 g6 17. h4 Ng7 18. Bh6 Nb7 19. Qd2 f6 20. h5 Nd8 21. hxg6 hxg6 22. Nh4 Be8 23. Kh2 f5 24. Nhxf5 gxf5 25. Bxg7 f4 26. Nf5 Bg6 27. Bxe5 Bxf5 28. Bxf4 Bg6 29. Re3 Bf6 30. Rg3 Qh7+ 31. Rh3 Qe7 32. Rg3 Qh7+ 33. Rh3 Qf7 34. Rh1 Nb7 35. Rg3 Bg7 36. Kg1 Rf8 37. Be3 Rae8 38. Rh4 b4 39. Rhg4 bxc3 40. Qe2 Qd7 41. Rxg6 Rf7 42. Bh6 Ree7 43. Qg4 Qxg4 44. R6xg4 Kf8 45. Rxg7 Rxg7 46. Rxc3 Kf7 47. Bxg7 Kxg7 48. g3 1-0

[Event "Pere Noel op"]
[Site "Montreal"]
[Date "2015.12.28"]
[Round "3.13"]
[White "Dumouchel, Alain"]
[Black "Yao, Houji"]
[Result "0-1"]
[WhiteElo "1732"]
[BlackElo "2013"]
[PlyCount "74"]
[EventDate "2015.12.26"]
[EventType "swiss"]
[EventRounds "5"]
[EventCountry "CAN"]
[SourceTitle "EXT 2019"]
[Source "ChessBase"]
[SourceDate "2018.10.10"]
[SourceVersion "1"]
[SourceVersionDate "2018.10.10"]
[SourceQuality "1"]

1. e4 c5 2. Nf3 e6 3. d4 cxd4 4. Nxd4 a6 5. Nc3 Qc7 6. Be2 b5 7. 0-0 Bb7 8. a3 Nf6 9. Re1 d6 10. Bf3 Nbd7 11. g3 Be7 12. Bg2 0-0 13. Bg5 Rfd8 14. Qe2 h6 15. Bf4 Bf8 16. Nb3 Rac8 17. Rad1 Ba8 18. h3 Be7 19. g4 Ne5 20. Bc1 Nc4 21. f4 Nxa3 22. e5 Nh7 23. Bxa8 Rxa8 24. bxa3 Qxc3 25. Rd3 Qa5 26. Bb2 Rac8 27. Red1 dxe5 28. Bxe5 Qb6+ 29. Bd4 Qc6 30. Na5 Qxc2 31. R3d2 Qc7 32. f5 Qxa5 33. fxe6 f6 34. Bf2 Rxd2 35. Rxd2 Nf8 36. Rd3 Rc3 37. Be1 Qb6+ 0-1

[Event "Pere Noel op"]
[Site "Montreal"]
[Date "2015.12.27"]
[Round "2.20"]
[White "Saha, Ananda"]
[Black "Dumouchel, Alain"]
[Result "0-1"]
[WhiteElo "1892"]
[BlackElo "1732"]
[PlyCount "104"]
[EventDate "2015.12.26"]
[EventType "swiss"]
[EventRounds "5"]
[EventCountry "CAN"]
[SourceTitle "EXT 2019"]
[Source "ChessBase"]
[SourceDate "2018.10.10"]
[SourceVersion "1"]
[SourceVersionDate "2018.10.10"]
[SourceQuality "1"]

1. d4 Nf6 2. c4 g6 3. Nc3 Bg7 4. e4 d6 5. Be2 0-0 6. Bg5 Na6 7. Qd2 Qe8 8. f3 e5 9. d5 Nh5 10. 0-0-0 Bd7 11. g4 Nf4 12. h4 Nc5 13. Nh3 Nxe2+ 14. Qxe2 a5 15. h5 a4 16. Qh2 b5 17. Nf2 f6 18. hxg6 Qxg6 19. Be3 bxc4 20. Bxc5 dxc5 21. a3 Rf7 22. Rd2 Bf8 23. Nfd1 Rb8 24. Ne3 Rg7 25. Nf5 Bxf5 26. exf5 Qf7 27. Ne4 Be7 28. Qh6 c3 29. Nxc3 Rb3 30. Ne4 Rxf3 31. d6 Qc4+ 32. Kd1 Rf1+ 33. Rxf1 Qxf1+ 34. Kc2 Qc4+ 35. Kd1 Rxg4 36. Qh1 cxd6 37. Nxd6 Bxd6 38. Rxd6 Rd4+ 39. Rxd4 Qxd4+ 40. Kc1 Qf4+ 41. Kd1 Qxf5 42. Qd5+ Kg7 43. Qxc5 Qb1+ 44. Ke2 Qxb2+ 45. Kf3 Qb7+ 46. Kg3 Qd7 47. Kf3 h5 48. Qg1+ Qg4+ 49. Qxg4+ hxg4+ 50. Kxg4 Kf7 51. Kf5 Ke7 52. Ke4 Ke6 0-1

[Event "Pere Noel op"]
[Site "Montreal"]
[Date "2015.12.26"]
[Round "1.16"]
[White "Dumouchel, Alain"]
[Black "Ouellet, Maili Jade"]
[Result "0-1"]
[WhiteElo "1732"]
[BlackElo "2045"]
[PlyCount "50"]
[EventDate "2015.12.26"]
[EventType "swiss"]
[EventRounds "5"]
[EventCountry "CAN"]
[SourceTitle "EXT 2019"]
[Source "ChessBase"]
[SourceDate "2018.10.10"]
[SourceVersion "1"]
[SourceVersionDate "2018.10.10"]
[SourceQuality "1"]

1. e4 c5 2. Nf3 e6 3. d4 cxd4 4. Nxd4 a6 5. Bd3 Bc5 6. Nb3 Be7 7. c4 d6 8. Nc3 Nf6 9. 0-0 Nbd7 10. f4 Qc7 11. Kh1 b6 12. Be3 Bb7 13. Rc1 Rc8 14. Rf3 g6 15. Bb1 h5 16. Bg1 Ng4 17. h3 g5 18. fxg5 Bxg5 19. Rc2 Nde5 20. Qf1 Nxc4 21. Na4 Be3 22. Bxe3 Ngxe3 23. Rxc4 Qxc4 24. Nxb6 Qxf1+ 25. Rxf1 Nxf1 0-1

[Event "Montreal Mercredi 11"]
[Site "Montreal"]
[Date "2015.11.25"]
[Round "2"]
[White "Dumouchel, Alain"]
[Black "Baran, Marius"]
[Result "0-1"]
[WhiteElo "1777"]
[BlackElo "1789"]
[PlyCount "58"]
[EventDate "2015.11.18"]
[EventType "swiss"]
[EventRounds "5"]
[EventCountry "CAN"]
[SourceTitle "EXT 2022"]
[Source "ChessBase"]
[SourceDate "2021.10.06"]
[SourceVersion "1"]
[SourceVersionDate "2021.10.06"]
[SourceQuality "1"]

1. e4 c5 2. Nf3 d6 3. d4 cxd4 4. Nxd4 Nf6 5. Nc3 g6 6. Be3 Bg7 7. h3 0-0 8. Be2 Nc6 9. 0-0 d5 10. exd5 Nb4 11. d6 Qxd6 12. Qe1 a6 13. Rd1 Qc7 14. Ncb5 axb5 15. Qxb4 Nd5 16. Qb3 Nxe3 17. fxe3 b4 18. Bc4 e6 19. Qxb4 Bd7 20. Bb3 Ra5 21. Qe7 Qc8 22. Nf3 Bc6 23. c3 Rf5 24. Nd4 Rxf1+ 25. Rxf1 Bd5 26. Nb5 Qd8 27. Qd6 Qg5 28. Bxd5 Qxe3+ 29. Kh1 Qe5 0-1

[Event "Montreal Mercredi 04"]
[Site "Montreal"]
[Date "2015.04.15"]
[Round "3"]
[White "Brassard, Sylvain"]
[Black "Dumouchel, Alain"]
[Result "1/2-1/2"]
[WhiteElo "1806"]
[BlackElo "1830"]
[PlyCount "76"]
[EventDate "2015.04.01"]
[EventType "swiss"]
[EventRounds "5"]
[EventCountry "CAN"]
[SourceTitle "EXT 2022"]
[Source "ChessBase"]
[SourceDate "2021.10.06"]
[SourceVersion "1"]
[SourceVersionDate "2021.10.06"]
[SourceQuality "1"]

1. Nf3 Nf6 2. g3 g6 3. b3 Bg7 4. Bb2 0-0 5. Bg2 d6 6. 0-0 Nc6 7. d4 a5 8. a3 Nd7 9. c4 e5 10. dxe5 Ndxe5 11. Nxe5 Nxe5 12. Qd2 a4 13. f4 Nc6 14. Bxg7 Kxg7 15. Qc3+ f6 16. b4 Re8 17. e4 Kg8 18. Nd2 Qe7 19. Rae1 Qg7 20. Nf3 Bg4 21. Re3 Bxf3 22. Bxf3 f5 23. Qxg7+ Kxg7 24. Rfe1 Nd4 25. Bd1 Kf6 26. e5+ dxe5 27. Rxe5 Rxe5 28. Rxe5 c6 29. Kf2 Nb3 30. Re3 Nd2 31. c5 Ne4+ 32. Ke2 Rd8 33. Rd3 Rxd3 34. Kxd3 Nf2+ 35. Kd2 Nxd1 36. Kxd1 Ke6 37. Kd2 Kd5 38. Kd3 h6 1/2-1/2

[Event "Montreal Mercredi 02"]
[Site "Montreal"]
[Date "2015.03.18"]
[Round "5"]
[White "Dumouchel, Alain"]
[Black "Rodrigue Lemieux, Shawn"]
[Result "0-1"]
[WhiteElo "1858"]
[BlackElo "1908"]
[PlyCount "74"]
[EventDate "2015.02.18"]
[EventType "swiss"]
[EventRounds "5"]
[EventCountry "CAN"]
[SourceTitle "EXT 2022"]
[Source "ChessBase"]
[SourceDate "2021.10.06"]
[SourceVersion "1"]
[SourceVersionDate "2021.10.06"]
[SourceQuality "1"]

1. e4 c6 2. d4 d5 3. exd5 cxd5 4. Bd3 Nf6 5. c3 Nc6 6. Bf4 e6 7. Nd2 Bd6 8. Bg3 0-0 9. f4 Qc7 10. Ne2 Ng4 11. Nf3 f5 12. Ne5 Bxe5 13. fxe5 g5 14. h4 f4 15. Nxf4 Ne3 16. hxg5 Nxd1 17. Rxd1 Qg7 18. g6 hxg6 19. 0-0 Ne7 20. Bh4 Nf5 21. Bf6 Qh6 22. Bxf5 gxf5 23. Rd3 Rxf6 24. exf6 Qxf6 25. Nh5 Qh6 26. Rg3+ Kf7 27. Rh3 Ke7 28. Nf4 Qf6 29. Rh7+ Kd6 30. Nd3 Qg6 31. Rh3 Bd7 32. Ne5 Qg7 33. Rff3 Rg8 34. g3 Kc7 35. Kf2 Rh8 36. Rxh8 Qxh8 37. Rf4 Qh2+ 0-1

[Event "Montreal Pere Noel op"]
[Site "Montreal"]
[Date "2014.12.30"]
[Round "5"]
[White "Dumouchel, Alain"]
[Black "Prahov, Valentin Asenov"]
[Result "0-1"]
[WhiteElo "1903"]
[BlackElo "2243"]
[PlyCount "68"]
[EventDate "2014.12.26"]
[EventType "swiss"]
[EventRounds "5"]
[EventCountry "CAN"]
[SourceTitle "EXT 2022"]
[Source "ChessBase"]
[SourceDate "2021.10.06"]
[SourceVersion "1"]
[SourceVersionDate "2021.10.06"]
[SourceQuality "1"]

1. e4 c5 2. Nf3 e6 3. d4 cxd4 4. Nxd4 Nf6 5. Nc3 Nc6 6. Ndb5 Bb4 7. a3 Bxc3+ 8. Nxc3 d5 9. exd5 exd5 10. Bd3 0-0 11. 0-0 d4 12. Ne2 Bg4 13. f3 Bh5 14. Bg5 Bg6 15. Qd2 Re8 16. Rad1 Qb6 17. Bxf6 gxf6 18. Kh1 Qxb2 19. f4 Re3 20. f5 Bh5 21. g4 Bxg4 22. Rb1 Qxa3 23. Rg1 h5 24. Nxd4 Rae8 25. Ne6 Rxd3 26. cxd3 fxe6 27. h3 exf5 28. hxg4 hxg4 29. Rxb7 Re7 30. Rxe7 Qxe7 31. Re1 Ne5 32. Qa2+ Qf7 33. Qxf7+ Kxf7 34. d4 Nf3 0-1

[Event "Montreal Mercredi 11"]
[Site "Montreal"]
[Date "2014.12.10"]
[Round "4"]
[White "Pomerantz, Daniel"]
[Black "Dumouchel, Alain"]
[Result "1-0"]
[WhiteElo "1930"]
[BlackElo "1945"]
[PlyCount "45"]
[EventDate "2014.11.19"]
[EventType "swiss"]
[EventRounds "5"]
[EventCountry "CAN"]
[SourceTitle "EXT 2022"]
[Source "ChessBase"]
[SourceDate "2021.10.06"]
[SourceVersion "1"]
[SourceVersionDate "2021.10.06"]
[SourceQuality "1"]

1. e4 c5 2. Nf3 d6 3. d4 cxd4 4. Nxd4 Nf6 5. Nc3 g6 6. Be3 Bg7 7. f3 0-0 8. Qd2 Nc6 9. Bc4 Bd7 10. Bb3 Rc8 11. h4 h5 12. 0-0-0 Ne5 13. Kb1 Re8 14. g4 hxg4 15. h5 Nxh5 16. Bh6 Bh8 17. Rxh5 gxh5 18. Qg5+ Kh7 19. Qxh5 Bg7 20. Bf4+ Kg8 21. Bxe5 e6 22. Bxg7 Kxg7 23. Nf5+ 1-0

[Event "Montreal Mercredi 10"]
[Site "Montreal"]
[Date "2014.11.05"]
[Round "4"]
[White "Dumouchel, Alain"]
[Black "Brodie, Hugh"]
[Result "1-0"]
[WhiteElo "1896"]
[BlackElo "1882"]
[PlyCount "61"]
[EventDate "2014.10.15"]
[EventType "swiss"]
[EventRounds "5"]
[EventCountry "CAN"]
[SourceTitle "EXT 2022"]
[Source "ChessBase"]
[SourceDate "2021.10.06"]
[SourceVersion "1"]
[SourceVersionDate "2021.10.06"]
[SourceQuality "1"]

1. e4 c5 2. Nf3 Nf6 3. Nc3 e6 4. d4 cxd4 5. Nxd4 a6 6. Be2 Bb4 7. 0-0 Qc7 8. Qd3 Nc6 9. Bd2 0-0 10. Nxc6 dxc6 11. Rad1 e5 12. Qg3 Kh8 13. Bg5 Be7 14. f4 exf4 15. Bxf4 Qb6+ 16. Kh1 Be6 17. b3 Rac8 18. Be5 Ne8 19. Bd4 c5 20. Be5 f6 21. Bf4 c4 22. Nd5 Bxd5 23. exd5 Nd6 24. bxc4 Nxc4 25. d6 Bxd6 26. Rb1 Nb2 27. c4 Qd4 28. Rfe1 Qc5 29. Rec1 Qa3 30. Rc2 Na4 31. Rb3 1-0

[Event "Montreal Mercredi 05"]
[Site "Montreal"]
[Date "2014.05.28"]
[Round "3"]
[White "Dumouchel, Alain"]
[Black "Nunez, Omar"]
[Result "1-0"]
[WhiteElo "1931"]
[BlackElo "1959"]
[PlyCount "71"]
[EventDate "2014.05.14"]
[EventType "swiss"]
[EventRounds "5"]
[EventCountry "CAN"]
[SourceTitle "EXT 2022"]
[Source "ChessBase"]
[SourceDate "2021.10.06"]
[SourceVersion "1"]
[SourceVersionDate "2021.10.06"]
[SourceQuality "1"]

1. f3 e5 2. Nh3 d5 3. g3 Nf6 4. Bg2 Bc5 5. e3 Qe7 6. Nf2 Nc6 7. 0-0 Be6 8. d3 0-0-0 9. c3 h5 10. b4 Bd6 11. Qa4 a6 12. b5 axb5 13. Qxb5 Rdg8 14. c4 dxc4 15. dxc4 Bd7 16. Nc3 Nb8 17. Qb3 Bc6 18. Nd5 Bxd5 19. cxd5 g5 20. Rb1 b6 21. a4 h4 22. a5 hxg3 23. hxg3 Nfd7 24. Qb5 bxa5 25. Qxa5 Bc5 26. Bd2 f5 27. Rfc1 Rg6 28. Bb4 Ra6 29. Bxc5 Qh7 30. Qb4 Qh2+ 31. Kf1 Qxg3 32. Be7 Rb6 33. Qc4 e4 34. f4 c6 35. dxc6 Rxc6 36. Qxc6+ 1-0

[Event "Montreal McGill op"]
[Site "Montreal"]
[Date "2014.05.02"]
[Round "1"]
[White "Dumouchel, Alain"]
[Black "Yu, Zong Yang"]
[Result "0-1"]
[WhiteElo "1935"]
[BlackElo "2234"]
[PlyCount "36"]
[EventDate "2014.05.02"]
[EventType "swiss"]
[EventRounds "5"]
[EventCountry "CAN"]
[SourceTitle "EXT 2015"]
[Source "ChessBase"]
[SourceDate "2014.11.20"]
[SourceVersion "1"]
[SourceVersionDate "2014.11.20"]
[SourceQuality "1"]

1. e4 c5 2. Nf3 d6 3. d4 cxd4 4. Nxd4 Nf6 5. Nc3 Nc6 6. Be3 Ng4 7. Bc1 Qb6 8. Bb5 Bd7 9. 0-0 Nxf2 10. Rxf2 Qxd4 11. Qe2 e6 12. Be3 Qb4 13. Raf1 Qxb2 14. Na4 Qb4 15. Rxf7 Qxe4 16. R1f4 Qe5 17. Qf2 Be7 18. c3 Qxb5 0-1